Essentials of economics

Bewaard in:
Bibliografische gegevens
Hoofdauteur: Sloman, John
Formaat: Boek
Taal:Undetermined
Gepubliceerd in: New York Financial Times Prentice Hall 2004
Onderwerpen:
Tags: Voeg label toe
Geen labels, Wees de eerste die dit record labelt!
Thư viện lưu trữ: Trung tâm Học liệu Trường Đại học Cần Thơ
LEADER 00485nam a2200193Ia 4500
001 CTU_100315
008 210402s9999 xx 000 0 und d
020 |c 398000 
082 |a 330 
082 |b S634 
100 |a Sloman, John 
245 0 |a Essentials of economics 
245 0 |c John Sloman 
260 |a New York 
260 |b Financial Times Prentice Hall 
260 |c 2004 
650 |a Economics 
904 |i Truc 
980 |a Trung tâm Học liệu Trường Đại học Cần Thơ